00727cam a22002291a 4500001000800000005001700008008004100025010001700066035001900083040002900102041000800131080001500139082001500154100000700169101000800176245007400184504005100258906004500309942001200354999001700366952011400383647354320180215050051.0770709s1946 nyuab b 001 0 eng  a 47002355  a(OCoLC)3102919 aDLCcOCdICIUdPPiUdDLC aeng a330.98 WYT a330.98 WYT1 a52 aEKO13aAn outline of Latin American economic development /cby George Wythe. aIncludes bibliographical references and index. a7bcbccoclcrplduencipf19gy-gencatlg 2ddccBK c42622d42622 00102udc40708PËKGa002b002cPËKGd2018-02-15l0o330.98 WYTp002-2997420r2018-02-15w2018-02-15yBK